000 00229nam a2200097Ia 4500
001 709726
005 20250826162552.0
008 250824s9999 xx 000 0 und d
245 0 _aİCATLAR
_cROLAND WEİS
260 _bTUDEM YAYINLARI
999 _c709726
_d709726